| 000 | 00584nam a2200205 u 4500 | ||
|---|---|---|---|
| 005 | 20240831063728.0 | ||
| 008 | 091203s2006 mx r 000 0 spa d | ||
| 020 | _a9681907639 | ||
| 035 | _aUPN01000174111 | ||
| 049 | _aI | ||
| 050 | 4 |
_aPZ74.7 _bM6.2 |
|
| 100 | 1 |
_aMontero, Rosa, _d1951- _931820 |
|
| 245 | 1 | 4 |
_aLas barbaridades de Bárbara / _cRosa Montero ; il. Daniel Torres. |
| 260 |
_aMéxico : _bAlfaguara, _c2006. |
||
| 300 |
_a118 p. : _bil. |
||
| 440 | 0 | _aAlfaguara infantil | |
| 650 | 4 |
_aCuentos infantiles españoles _97725 |
|
| 905 | _aInfantil | ||
| 999 |
_c146215 _d146215 |
||